| 000 | 00514nac a22001571u 4500 | ||
|---|---|---|---|
| 008 | 100906s2002 nyu|||||r|||| 00| 0 eng d | ||
| 020 | _a1-893115-98-4 | ||
| 082 |
_a005.133 _bJOH _222 |
||
| 100 |
_aZukowski, John. _918414 |
||
| 245 |
_aLearn Java with JBuilder 6 / _cJohn Zukowski |
||
| 260 |
_aNew York : _bApress, _c2002. |
||
| 300 |
_a648 pp. : _bill. ; _c24 cm. + _e1 CD-ROM (4 3/4 in.) |
||
| 500 | _aIncludes index. | ||
| 650 |
_aJava (Computer program language) _918415 |
||
| 942 |
_cBB _k005.133Z946 _2ddc |
||
| 999 |
_c527 _d527 |
||